Ensayos de un biólogo / (Record no. 186546)

MARC details
000 -LEADER
campo de control de longitud fija 00825nam a2200241 i 4500
001 - NÚMERO DE CONTROL
campo de control 186546
003 - IDENTIFICADOR DE NÚMERO DE CONTROL
campo de control SpMaBN
005 - FECHA Y HORA DE LA ÚLTIMA TRANSACCIÓN
campo de control 20250814011836.0
008 - DATOS DE LONGITUD FIJA--INFORMACIÓN GENERAL
campo de control de longitud fija 161123s1967 ag |||| | spa d
080 ## - NÚMERO DE LA CLASIFICACIÓN DECIMAL UNIVERSAL
Número de la Clasificación Decimal Universal 576(04)
100 1# - ENTRADA PRINCIPAL--NOMBRE DE PERSONA
Nombre de persona Huxley, Julian.
9 (RLIN) 64859
245 10 - MENCIÓN DEL TÍTULO
Título Ensayos de un biólogo /
Mención de responsabilidad, etc. Julian Huxley ; traducción de Francisco J. Cortada.
250 ## - MENCION DE EDICION
Mención de edición 4ª ed., 1ª en la Colección piragua.
260 ## - PUBLICACIÓN, DISTRIBUCIÓN, ETC.
Lugar de publicación, distribución, etc. Buenos Aires :
Nombre del editor, distribuidor, etc. Sudamericana,
Fecha de publicación, distribución, etc. 1967.
300 ## - DESCRIPCIÓN FÍSICA
Extensión 306 p. ;
Dimensiones 18 cm.
490 1# - MENCIÓN DE SERIE
Mención de serie Colección piragua ;
Designación de volumen o secuencia 126.
Mención de serie Ensayos
504 ## - NOTA DE BIBLIOGRAFÍA, ETC.
Nota de bibliografía, etc. Referencias bibliográficas.
650 07 - PUNTO DE ACCESO ADICIONAL DE MATERIA--TÉRMINO DE MATERIA
Término de materia o nombre geográfico como elemento de entrada Biología
Fuente del encabezamiento o término embne
9 (RLIN) 10580
700 1# - ENTRADA AGREGADA--NOMBRE PERSONAL
Nombre de persona Cortada, Francisco J.
9 (RLIN) 40807
830 0# - PUNTO DE ACCESO ADICIONAL DE SERIE-TÍTULO UNIFORME
Título uniforme Colección piragua ;
Designación de volumen o secuencia 126.
Título uniforme Ensayos
9 (RLIN) 225425
852 ## - LOCALIZACIÓN
Ubicación ES-MaACL
Número de control de estantería L-30891
Nota libre . - Donat. Miguel A. Velasco
Holdings
Estatus retirado Estado de pérdida Estado de daño No para préstamo Biblioteca de origen Biblioteca actual Ubicación en estantería Fecha de adquisición Fuente de adquisición Total de préstamos Signatura topográfica completa Código de barras Visto por última vez Precio de reemplazo Tipo de ítem Koha
        Biblioteca del Ateneo de Madrid Biblioteca del Ateneo de Madrid Depósito 2 23/11/2016     L-30891 1196713 23/02/2023 23/02/2023 Libro impreso